Využitie topiramátu v liečbe epilepsie včasná liečba u detí môže zabrániť poškodeniu vyvíjajúceho sa mozgu

Bibliographic Details
Main Author: Mosnárová, Alena (Author)
Format: Article
Language:Slovak
PhysicalDescription:Obr.
ISSN:1335-4477
Subjects:

MARC

LEADER 00000nab a2200000 a 4500
001 vtls000726503
003 SK-MaSNL
005 20260304021616.0
008 140303c2000 xo 0 slo
015 |a SNBRB2000/07-18916 
035 |a CLN000078661 
040 |a SNKBUCL  |b slo  |c SNKBUCL  |e AACR2 
041 0 |a slo 
044 |a xo  |c SK 
080 |a 615.213  |2 1997 
080 |a 616.853-085  |2 1997 
100 1 |a Mosnárová, Alena  |4 aut  |9 266510 
245 1 0 |a Využitie topiramátu v liečbe epilepsie  |b včasná liečba u detí môže zabrániť poškodeniu vyvíjajúceho sa mozgu  |c Alena Mosnárová 
300 |b Obr. 
650 0 7 |a topiramát  |2 snkbucl  |9 649907 
650 0 7 |a Topamax (liek)  |2 snkbucl  |9 1299705 
650 0 7 |a antiepileptiká  |2 snkbucl  |9 13929 
650 0 7 |a epilepsia  |x liečba  |x deti  |2 snkbucl  |9 855863 
655 7 |a články z novín a časopisov  |2 snkbucl  |9 267496 
773 0 |t Zdravotnícke noviny  |g Roč. 5, č. 25 (2000)  |x 1335-4477 
773 0 |t [Príl.] Lekárske listy  |g Č. 25 (2000), s. 8  |x 1335-4477 
850 |a Slovenská národná knižnica v Martine 
852 |a SNK  |b KIS3GCP 
958 |a MI 
992 |a RBX 
999 |c 2606830  |d 2608760